LDR 00758naa#a2200169#i#450# 001 EN\\bibl\122112 005 20260607094549.7 011 ## _a1998-6785 100 ## _a20230621b2023####ek#y0engy0150####ca 102 ## _aRU 200 1# _aInterregional Russian-Chinese cooperation: an expert view from the regions and cities of Russia _eJournal article 210 1# _aVladivostok _cVladivostok State University _d2023 215 ## _a9 с. 608 ## _aJournal article _2local 675 ## _aОбщие вопросы. География как наука. Страноведение. Географические исследования. Путешествия. 910 _aУправление рабочей силой. 331.5.024.54 _z 700 #1 _aMakeeva _gSvetlana B 856 4# _avvgu.editorum.ru _u